[Event "PHI-ch sf"]
[Site "Manila"]
[Date "2014.??.??"]
[Round "3"]
[White "Donguines, John Fleer"]
[Black "Flores, Christian Anthony"]
[Result "1/2-1/2"]
[WhiteElo "2060"]
[BlackElo "2110"]
[PlyCount "78"]
[EventDate "2014.03.??"]
[EventType "swiss"]
[EventRounds "9"]
[EventCountry "PHI"]
[SourceTitle "EXT 2016"]
[Source "ChessBase"]
[SourceDate "2015.10.08"]
[SourceVersion "1"]
[SourceVersionDate "2015.10.08"]
[SourceQuality "1"]

1. d4 c5 2. Nc3 cxd4 3. Qxd4 Nf6 4. Bg5 d6 5. 0-0-0 Nbd7 6. e4 a6 7. f4 h6 8. Bh4 Qa5 9. Nf3 e6 10. Kb1 Rb8 11. Bc4 b5 12. Bb3 Qc7 13. e5 dxe5 14. fxe5 Bc5 15. Qd2 Nh7 16. Ne4 0-0 17. Nd6 Nb6 18. g4 Bb7 19. Rhf1 Nc4 20. Nxc4 bxc4 21. Bxc4 Bxf3 22. Rxf3 Qxe5 23. Bb3 Ng5 24. Rd3 Ne4 25. Qg2 g5 26. Re1 gxh4 27. Rxe4 Qg7 28. Qd2 Be7 29. Rd7 Bg5 30. Qd3 Rbd8 31. Red4 Rxd7 32. Rxd7 Qe5 33. a3 Bf6 34. c3 Rb8 35. Bc2 Kf8 36. Qd2 Kg7 37. Qd3 Kf8 38. Qd2 Kg7 39. Qd3 Kf8 1/2-1/2

[Event "PHI-ch sf"]
[Site "Manila"]
[Date "2014.??.??"]
[Round "6"]
[White "Salvador, Louie"]
[Black "Donguines, John Fleer"]
[Result "1-0"]
[WhiteElo "2145"]
[BlackElo "2060"]
[PlyCount "89"]
[EventDate "2014.03.??"]
[EventType "swiss"]
[EventRounds "9"]
[EventCountry "PHI"]
[SourceTitle "EXT 2016"]
[Source "ChessBase"]
[SourceDate "2015.10.08"]
[SourceVersion "1"]
[SourceVersionDate "2015.10.08"]
[SourceQuality "1"]

1. e4 e5 2. Nf3 Nc6 3. Bb5 a6 4. Ba4 Nf6 5. d3 d6 6. 0-0 Bg4 7. c3 Be7 8. Nbd2 0-0 9. Re1 Nd7 10. h3 Bh5 11. Nf1 f5 12. exf5 Rxf5 13. g4 Rxf3 14. Qxf3 Bf7 15. Bb3 Bxb3 16. axb3 Nf8 17. Ng3 Ng6 18. Nf5 Bf6 19. b4 Rb8 20. Bd2 Qd7 21. b5 axb5 22. Qd5+ Kh8 23. Qxb5 Rf8 24. Qxb7 Nd8 25. Qd5 Ne6 26. Ra8 Bd8 27. Re4 Ne7 28. Nxe7 Qxe7 29. Rb4 Qf6 30. Be3 Ng5 31. Kg2 c6 32. Qxc6 e4 33. f4 exf3+ 34. Kf1 Qe5 35. Rf4 Rg8 36. Rxf3 Nxf3 37. Qxf3 Qb5 38. Bd4 Qe8 39. Kg2 Rf8 40. Qxf8+ Qxf8 41. Bb6 Be7 42. Rxf8+ Bxf8 43. Kf3 d5 44. c4 g6 45. c5 1-0